000 00485nam a2200205Ia 4500
003 OSt
005 20220924134519.0
006 a|||||r|||| 00| 0
007 ta
008 220923b |||||||| |||| 00| 0 snd d
024 _a275055
037 _cTextual
040 _aARTS
_cARTS
_bsnd
041 _2snd
_asnd
082 _aW, 1593[K5]
245 0 _aBharat ji Raj karobar jo shajro
260 _c1965
942 _hW, 1593[K5]
_cTEXL
_2CC
999 _c437549
_d437549